| 000 | 00676nam a2200217 a 4500 | ||
|---|---|---|---|
| 005 | 20230308063614.0 | ||
| 008 | 060403s1998 mx r 000 0 spa d | ||
| 020 | _a8449305276 | ||
| 035 | _aUPN01000143674 | ||
| 049 | _aCG | ||
| 050 | 4 |
_aHQ76.25 _bM6.3 |
|
| 100 | 1 | _aMondimore, Francis Mark | |
| 245 | 1 | 4 |
_aUna historia natural de la homosexualidad / _cFrancis Mark Mondimore ; tr. Mireille Jaumá. |
| 260 |
_aBarcelona, Esp. : _bPaidós, _c1998. |
||
| 300 | _a303 p. | ||
| 440 | 0 |
_aPaidós contextos ; _v35 |
|
| 534 |
_pTítulo original: _tA natural history of homosexuality |
||
| 650 | 4 |
_aHomosexualidad _97378 |
|
| 650 | 4 |
_aSexo (Biología) _914889 |
|
| 905 | _aLibro | ||
| 999 |
_c115821 _d115821 |
||